000 00299nam a22001337a 4500
008 171010b xxu||||| |||| 00| 0 eng d
020 _a0138158118
041 _aeng
080 _a316
100 _a50
101 _aSOC
245 _aSOCIAL INEULITY AND MOBILITY
_cMATRAS.J
942 _2udc
_cBK
999 _c32944
_d32944